[Event "AUTO-OPEN-309"]
[Site "http://www.queenalice.com/game.php?id=81397"]
[Date "2006.6.30"]
[Round "1"]
[White "marple66"]
[Black "barraw"]
[Result "0-1"]
[WhiteElo "1251"]
[BlackElo "1626"]

1. e4 e5 2. Nf3 d6 3. d4 Be7 4. Bd3 Nc6 5. Be3 Nf6 6. O-O exd4 7. Nxd4 O-O 8. c3
Nxd4 9. Bxd4 c5 10. Be3 Ng4 11. Qe2 Nxe3 12. Qxe3 Qb6 13. b3 Be6 14. c4 Bf6 15.
Nc3 Bxc3 16. Rac1 Bd4 17. Qg3 Qa6 18. a4 b6 19. Rfe1 Be5 20. Qe3 Qa5 21. Re2 Qb4
0-1

[Event "Refuges Play"]
[Site "http://www.queenalice.com/game.php?id=82527"]
[Date "2006.7.4"]
[Round "-"]
[White "toetapping"]
[Black "marple66"]
[Result "1-0"]
[WhiteElo "1298"]
[BlackElo "1240"]

1. d4 d5 2. h4 Nc6 3. Nc3 Nf6 4. f3 e5 5. a3 Be7 6. e3 O-O 7. g4 exd4 8. exd4
Re8 9. h5 Bd6+ 10. Kf2 Be6 11. a4 a6 12. h6 Bf8 13. g5 Ne4+ 14. fxe4 Bd6 15.
exd5 Bd7 16. hxg7 f6 17. gxf6 Qxf6+ 18. Nf3 Qxg7 19. Bh6 Qf6 20. dxc6 Bxc6 21.
d5 Bd7 22. b4 Bxb4 23. Rg1+ Kh8 24. Bg5 Bc5+ 25. Kg3 Bxg1 26. Bxf6+ Kg8 27. Nxg1
Rf8 28. Bh4 Rae8 29. Qd3 Rf5 30. Bh3 Rf7 31. Nf3 Rg7+ 32. Ng5 Rge7 33. Bg2 Re3+
34. Qxe3 Rxe3+ 35. Kf2 Rxc3 36. Rc1 Rc4 37. d6 cxd6 38. Bd5+ Kg7 39. Nf7 Rxh4
40. Nxd6 Rd4 41. Rg1+ Kf8 42. Nxb7 Rxd5 43. Ke3 Bxa4 44. Ke4 Bc6 45. Rf1+ Ke7
46. c4 Rd7+ 47. Kf5 Bxb7 48. Rc1 h6 49. c5 Rd8 50. c6 Rd5+ 51. Ke4 Bxc6 52. Rxc6
a5 53. Kxd5 1-0

[Event "Tinmart69 challege"]
[Site "http://www.queenalice.com/game.php?id=89157"]
[Date "2006.7.24"]
[Round "-"]
[White "marple66"]
[Black "SoliTear"]
[Result "0-1"]
[WhiteElo "1248"]
[BlackElo "1571"]

1. e4 c6 2. d4 d5 3. Nc3 dxe4 4. Nxe4 Bf5 5. Ng3 Bg6 6. Nf3 Nf6 7. Bd3 Bxd3 8.
Qxd3 Nbd7 9. O-O e6 10. Bg5 Bd6 11. h3 Qb6 12. Rab1 O-O-O 13. Rbd1 h6 14. Be3
Rhe8 15. Rfe1 g5 16. Ne5 Bxe5 17. dxe5 Nxe5 18. Qe2 Qa5 19. c3 Rxd1 20. Rxd1
Qxa2 21. Ne4 Ned7 22. Nd6+ Kd8 23. Nxe8 Kxe8 24. Qd2 Nd5 25. Qe1 Qxb2 26. Bxa7
Nxc3 27. Rd4 Ne2+ 28. Kf1 Nxd4 29. Qa5 Qe2+ 30. Kg1 Qd1+ 31. Kh2 Ne2 32. Qc7
Qg1# 0-1

[Event "Let's Go at it again"]
[Site "http://www.queenalice.com/game.php?id=118433"]
[Date "2006.10.18"]
[Round "-"]
[White "SoliTear"]
[Black "marple66"]
[Result "1-0"]
[WhiteElo "1605"]
[BlackElo "1270"]

1. Nf3 c5 2. e3 Nc6 3. Be2 Nf6 4. O-O d6 5. c3 e5 6. Bc4 Be6 7. Bxe6 fxe6 8. d3
d5 9. Ng5 Qd7 10. e4 d4 11. Nd2 Be7 12. Qf3 O-O 13. Nc4 h6 14. Nh3 dxc3 15. bxc3
Rad8 16. Rd1 Nd5 17. Qg3 Nxc3 18. Bxh6 Nxd1 19. Qxg7# 1-0

[Event "AUTO-OPEN-422"]
[Site "http://www.queenalice.com/game.php?id=118482"]
[Date "2006.10.18"]
[Round "1"]
[White "marple66"]
[Black "cesarlm"]
[Result "0-1"]
[WhiteElo "1209"]
[BlackElo "2133"]

1. e4 c6 2. d4 d5 3. Nc3 dxe4 4. Nxe4 Bf5 5. Bd3 Bxe4 6. Bxe4 Nf6 7. Qd3 Nxe4 8.
Qxe4 Nd7 9. Nf3 e6 10. O-O Bd6 11. Qh4 Qxh4 12. Nxh4 O-O 0-1

[Event "AUTO-OPEN-422"]
[Site "http://www.queenalice.com/game.php?id=118483"]
[Date "2006.10.18"]
[Round "1"]
[White "cesarlm"]
[Black "marple66"]
[Result "1-0"]
[WhiteElo "2132"]
[BlackElo "1209"]

1. d4 d5 2. Nf3 Nc6 3. g3 e5 4. Nxe5 Nxe5 5. dxe5 Be6 6. Bg2 c6 7. O-O Be7 8.
Nc3 d4 9. Ne4 Qd5 10. Nd6+ Bxd6 11. Bxd5 1-0

[Event "AUTO-OPEN-422"]
[Site "http://www.queenalice.com/game.php?id=118484"]
[Date "2006.10.18"]
[Round "1"]
[White "marple66"]
[Black "razoman"]
[Result "0-1"]
[WhiteElo "1209"]
[BlackElo "1918"]

1. e4 c5 2. Nf3 a6 3. d4 cxd4 4. Nxd4 Nc6 5. c3 d6 6. Bd3 e5 7. Nf5 Bxf5 8. O-O
Be6 9. Be3 Nf6 10. Nd2 Be7 0-1

[Event "AUTO-OPEN-422"]
[Site "http://www.queenalice.com/game.php?id=118485"]
[Date "2006.10.18"]
[Round "1"]
[White "razoman"]
[Black "marple66"]
[Result "1-0"]
[WhiteElo "1916"]
[BlackElo "1209"]

1. e4 e5 2. Nf3 Nf6 3. Nxe5 Qe7 4. d4 d5 5. exd5 Nxd5 6. Be2 Nc6 7. Nxc6 bxc6 8.
O-O Qe6 9. Bf3 Bd6 10. Re1 O-O 11. Rxe6 1-0

[Event "Challenge"]
[Site "http://www.queenalice.com/game.php?id=149361"]
[Date "2007.1.3"]
[Round "-"]
[White "marple66"]
[Black "SoliTear"]
[Result "0-1"]
[WhiteElo "1255"]
[BlackElo "1580"]

1. e4 c5 2. Nf3 Nc6 3. Bb5 Nd4 4. Nxd4 cxd4 5. d3 e5 6. O-O Nf6 7. Nc3 dxc3 8.
b3 Qa5 9. d4 Qxb5 10. Qd3 Qxd3 0-1

[Event "AUTO-OPEN-520"]
[Site "http://www.queenalice.com/game.php?id=155376"]
[Date "2007.1.17"]
[Round "1"]
[White "Paulo_Lima"]
[Black "marple66"]
[Result "1-0"]
[WhiteElo "1818"]
[BlackElo "1242"]

1. d4 d5 2. c4 c6 3. Nf3 Nf6 4. Nc3 e6 5. e3 Bd6 6. c5 Bc7 7. Bd3 O-O 8. Bc2 Re8
9. O-O e5 10. Nxe5 Bg4 11. Nxg4 Nxg4 12. Qxg4 Qf6 13. Qh3 1-0

[Event "AUTO-OPEN-520"]
[Site "http://www.queenalice.com/game.php?id=155377"]
[Date "2007.1.17"]
[Round "1"]
[White "marple66"]
[Black "Paulo_Lima"]
[Result "0-1"]
[WhiteElo "1242"]
[BlackElo "1820"]

1. e4 c6 2. Nf3 d5 3. Nc3 dxe4 4. Ne5 Nf6 5. d3 exd3 6. Nxd3 Bf5 7. Bd2 Nbd7 8.
b4 e6 9. Nc5 Nxc5 10. Be3 Qxd1+ 11. Nxd1 Ncd7 12. Bd3 Bxd3 0-1

[Event "AUTO-OPEN-520"]
[Site "http://www.queenalice.com/game.php?id=155420"]
[Date "2007.1.17"]
[Round "1"]
[White "marple66"]
[Black "bubuchess"]
[Result "1-0"]
[WhiteElo "1242"]
[BlackElo "1841"]

1. e4 c5 2. Nf3 d6 3. d4 cxd4 4. Nxd4 Nf6 5. Bd3 g6 6. O-O Bg7 7. Nc3 O-O 8. Be3
Nc6 9. Nd5 Nxd5 10. Qd2 Nxe3 11. Qxe3 1-0

[Event "AUTO-OPEN-520"]
[Site "http://www.queenalice.com/game.php?id=155421"]
[Date "2007.1.17"]
[Round "1"]
[White "bubuchess"]
[Black "marple66"]
[Result "0-1"]
[WhiteElo "1811"]
[BlackElo "1272"]

1. d4 d5 2. c4 c6 3. Nf3 Bg4 4. Ne5 Be6 5. cxd5 cxd5 6. e3 g6 7. Qa4+ Bd7 8.
Nxd7 Nxd7 9. Nc3 Nf6 10. Bd3 Bg7 11. O-O O-O 0-1